| 000 | 00694nam a22002292a 4500 | ||
|---|---|---|---|
| 001 | 42454 | ||
| 003 | (BD-RJUL) | ||
| 005 | 20211209053538.0 | ||
| 008 | 160613r19711968nyua b 000 0 eng d | ||
| 035 |
_aOCLC ocm00333353 from D950216M _a(BD-RJUL) 42572 |
||
| 040 |
_aDLC _cDLC _dUKM _dEQO _d(BD-RJUL) _beng |
||
| 041 | _aeng | ||
| 082 |
_a338.54 _bBOE 1971 |
||
| 100 | 1 |
_aBober, Stanley. _9130598 |
|
| 245 | 1 | 4 |
_aThe economics of cycles and growth / _c Stanley Bober |
| 260 |
_aNew York : _bWiley, _c1968 [reprint1971] |
||
| 300 |
_ax, 305 p. : _bill. ; _c22 cm. |
||
| 504 | _aBibliographical footnotes | ||
| 650 | 0 |
_aBusiness cycles _9130599 |
|
| 942 |
_2ddc _cBK |
||
| 999 |
_c42454 _d42454 |
||